الحقائق الطبية في الإسلام / (رقم التسجيلة. 27190)

تفاصيل مارك
000 -LEADER
fixed length control field 00516nam a22001697a 4500
005 - DATE AND TIME OF LATEST TRANSACTION
control field 20251108165415.0
008 - FIXED-LENGTH DATA ELEMENTS--GENERAL INFORMATION
fixed length control field 250721s1992 xx 000 0 ara d
082 14 - DEWEY DECIMAL CLASSIFICATION NUMBER
Classification number م/213.63/عبد
100 1# - MAIN ENTRY--PERSONAL NAME
Personal name كيلاني، عبد الرزاق أشرف
245 10 - TITLE STATEMENT
Title الحقائق الطبية في الإسلام /
264 1# - PRODUCTION, PUBLICATION, DISTRIBUTION, MANUFACTURE, AND COPYRIGHT NOTICE
Place of production, publication, distribution, manufacture عمان :
Name of producer, publisher, distributor, manufacturer مكتبة الرسالة الحديثة،
Date of production, publication, distribution, manufacture, or copyright notice 1992.
300 ## - PHYSICAL DESCRIPTION
Extent 456ص.
650 17 - SUBJECT ADDED ENTRY--TOPICAL TERM
Topical term or geographic name as entry element الإسلام
650 17 - SUBJECT ADDED ENTRY--TOPICAL TERM
Topical term or geographic name as entry element الحيث الشريف
942 ## - ADDED ENTRY ELEMENTS (KOHA)
Source of classification or shelving scheme Dewey Decimal Classification
Koha item type مراجع
المقتنيات
حالة السحب حالة الفقدان مصدر التصنيف حالة التلف غير قابل للإعارة المكتبة الرئيسية المكتبة الحالية موقع الرف تاريخ التزويد الرقم المتسلسل Total Checkouts رقم الإستدعاء الباركود تاريخ آخر ظهور تاريخ الفاتورة نوع المادة (كوها)
    Dewey Decimal Classification   Not For Loan المكتبة المركزية المكتبة المركزية مراجع 06/07/2004 240348   م/213.63/عبد 240348 28/07/2025 06/07/2004 مراجع
    Dewey Decimal Classification     المكتبة المركزية المكتبة المركزية مقتنيات قسم التزويد 28/07/2025 1488254   م/213.63/عبد   28/07/2025 28/07/2025 مراجع
    Dewey Decimal Classification     المكتبة المركزية المكتبة المركزية مقتنيات قسم التزويد 28/07/2025 1764103   م/213.63/عبد   28/07/2025 28/07/2025 مراجع
    Dewey Decimal Classification   Not For Loan مكتبة الأميرة ايمان العامة مكتبة الأميرة ايمان العامة مراجع 08/10/2013 [9279]   م/213.63/عبد PLD00282759 28/07/2025 08/10/2013 مراجع
    Dewey Decimal Classification   Not For Loan مكتبة الاميرة بديعة مكتبة الاميرة بديعة مراجع 22/06/2015 [5566].   م/213.63/عبد PLD00333309 28/07/2025 22/06/2015 مراجع
    Dewey Decimal Classification   Not For Loan مكتبة الجويدة مكتبة الجويدة مراجع 21/06/2015 [5591]   م/213.63/عبد PLD00332924 28/07/2025 21/06/2015 مراجع
    Dewey Decimal Classification   Not For Loan مكتبة النصر العامة مكتبة النصر العامة مراجع 06/07/2004 8247   م/213.63/عبد 8247 28/07/2025 06/07/2004 مراجع
    Dewey Decimal Classification   Not For Loan مكتبة صويلح العامة مكتبة صويلح العامة مراجع 21/09/2019 11692   م/213.63/عبد PLD00468357 28/07/2025 21/09/2019 مراجع
    Dewey Decimal Classification   Not For Loan مكتبة وادي السير العامة مكتبة وادي السير العامة مراجع 11/02/2016 [6422]..   م/213.63/عبد PLD00373249 28/07/2025 11/02/2016 مراجع
Implemented & Customized by: BBB with SCIT (Smart Chains for Information Technology)

Powered by Koha